000
00204 a2200097 4500
001
956
100
_a
Terman,F.E.
245
_a
Radio engineer's Handbook
260
_a
_b
Mcgraw-Hill
_c
090
_c
546
_d
546
942
_a
NUST-CAE
_c
M
_c
31889
999
_c
236029
_d
236029